000 00254nam a22000857a 4500
008 160704b xxu||||| |||| 00| 0 eng d
100 _91928
_a Josephine, Y
245 _aGlobalisation and Challenges for Education
260 _aNew Delhi
_bShipra Publication
_c2003
999 _c1630
_d1630